Bollywood in the age of new media: Geo-televisual aesthetic (Record no. 174705)

MARC details
000 -LEADER
fixed length control field 00400nam a2200145Ia 4500
008 - FIXED-LENGTH DATA ELEMENTS--GENERAL INFORMATION
fixed length control field 230917s9999||||xx |||||||||||||| ||und||
040 ## - CATALOGING SOURCE
-- 206594
Original cataloging agency VIVEKANANDA LIBRARY
041 ## - Language
-- English
082 ## - DDC NUMBER
Classification number 791.430954 B299B
100 ## - MAIN ENTRY--PERSONAL NAME
Personal name Basu, Anustup
245 #0 - TITLE STATEMENT
Title Bollywood in the age of new media: Geo-televisual aesthetic
260 ## - PUBLICATION, DISTRIBUTION, ETC. (IMPRINT)
Place of publication, distribution, etc New Delhi
Name of publisher, distributor, etc Orient Blackswan
Date of publication, distribution, etc 2012
300 ## - PHYSICAL DESCRIPTION
Pages viii, 262 p.
942 ## - ADDED ENTRY ELEMENTS (KOHA)
Koha item type Books
Holdings
Withdrawn status Lost status Damaged status Not for loan Location (home branch) Sublocation or collection (holding branch) Date acquired Koha issues (times borrowed) Koha full call number Accession No. Koha date last seen Koha item type
        VIVEKANANDA LIBRARY VIVEKANANDA LIBRARY 10/05/2013   791.430954 B299B 328093 17/09/2023 Books
        VIVEKANANDA LIBRARY VIVEKANANDA LIBRARY 10/05/2013   791.430954 B299B 341047 17/09/2023 Books
        VIVEKANANDA LIBRARY VIVEKANANDA LIBRARY 10/05/2013   791.430954 B299B 357077 17/09/2023 Books
© Designed and Maintained by Vivekananda Library, MDU Rohtak